Czechoslovak Mathematical Journal
Salvato in:
| Natura: | Periodico |
|---|---|
| Lingua: | inglese |
| Pubblicazione: |
New York
Springer
|
| Tags: |
Nessun Tag, puoi essere il primo ad aggiungerne!!
|
MARC
| LEADER | 00000nas1a2200000 4500 | ||
|---|---|---|---|
| 001 | 0246692 | ||
| 005 | 20250701092119.0 | ||
| 022 | |a 0011-4642 | ||
| 022 | |a 1572-9141 | ||
| 041 | 0 | |a eng | |
| 044 | |a US | ||
| 245 | 1 | 0 | |a Czechoslovak Mathematical Journal |
| 264 | 1 | |a New York |b Springer | |